Central Library OPAC University of Rajshahi

The life history in anthropological science / (Record no. 11219)

MARC details
000 -LEADER
fixed length control field 00909cam a22002891 4500
001 - CONTROL NUMBER
control field 11219
003 - CONTROL NUMBER IDENTIFIER
rucl marc code BD-RjUL
005 - DATE AND TIME OF LATEST TRANSACTION
control field 20211208235106.0
008 - FIXED-LENGTH DATA ELEMENTS--GENERAL INFORMATION
fixed length control field 140126s1965 nyu b 000 0 eng
035 ## - SYSTEM CONTROL NUMBER
System control number (BD-RjUL)11268
System control number (OCoLC)1002063
040 ## - CATALOGING SOURCE
Original cataloging agency DLC
Transcribing agency MMeT
Modifying agency OCoLC
-- Uk
-- DLC
-- BD-RjUL
Language of cataloging eng
041 ## - LANGUAGE CODE
Language code of text/sound track or separate title eng
082 00 - DEWEY DECIMAL CLASSIFICATION NUMBER
Classification number 390.0186
Author mark and year LAL 1965
100 1# - MAIN ENTRY--PERSONAL NAME
Personal name Langness, L. L.
Fuller form of name (Lewis L.),
Dates associated with a name 1929-
9 (RLIN) 34702
245 14 - TITLE STATEMENT
Title The life history in anthropological science /
Statement of responsibility, etc. L.L. Langness.
260 ## - PUBLICATION, DISTRIBUTION, ETC. (IMPRINT)
Place of publication, distribution, etc. New York :
Name of publisher, distributor, etc. Holt, Rinehart and Winston,
Date of publication, distribution, etc. c1965.
300 ## - PHYSICAL DESCRIPTION
Pagination x, 82 p. ;
Size 24 cm.
504 ## - BIBLIOGRAPHY, ETC. NOTE
Bibliography, etc "References cited": p. 54-58.
Bibliography, etc Bibliography: p. 59-82.
650 #0 - SUBJECT ADDED ENTRY--TOPICAL TERM
Topical term or geographic name as entry element Anthropology
General subdivision Methodology.
9 (RLIN) 34704
Topical term or geographic name as entry element Biography as a literary form.
9 (RLIN) 34705
942 ## - ADDED ENTRY ELEMENTS (KOHA)
Source of classification or shelving scheme Dewey Decimal Classification
Koha item type Books
Holdings
Lost status Source of classification or shelving scheme Damaged status Not for loan Permanent Location Current Location Shelving location Date acquired Source of acquisition Cost, normal purchase price Total Checkouts Full call number Date last seen Copy number Koha item type Collection code
  Dewey Decimal Classification   Not For Loan Central Library, University of Rajshahi Central Library, University of Rajshahi Reading Room 08/06/1977 w.u.s 0.00   390.0186 LAL 1965 26/01/2014 C-1 Books  
  Dewey Decimal Classification     Central Library, University of Rajshahi Central Library, University of Rajshahi   08/06/1977 W.U.S     390.0186 LAL 1965 10/10/2018 C-2 Books Non-fiction